000 01696nam0a2200373 4500
001 RU\NLR\BIBL_A\022338678
005 20260408211041.0
010 _a978-5-93700-226-6
_9100
035 _a(NLR Aleph) 022338678
090 _a13538199
_c13538199
100 _a20241002d2023 u y0rusy50 ca
101 1 _arus
_ceng
102 _aRU
105 _aac z 001yy
181 0 _ai
_baxxe
182 0 _an
200 1 _aСверхбыстрый Python
_eэффективные техники для работы с большими наборами данных
_fТиаго Антао
_gпер. с англ. А. Ю. Гинько
203 _aТекст
_bвизуальный
_cнепосредственный
210 _aМосква
_cДМК Пресс
_d2023
215 _a369 с.
_cил., портр.
_d24
300 _aЗагл. и авт. ориг.: Fast Python : High performance techniques for large datasets / Tiago Rodriges Antão
320 _aБиблиогр. в тексте
320 _aДругая кн. авт. на 22-й с.
320 _aПредм. указ.: с. 365–369
454 0 _12001#$aFast Python$eHigh performance techniques for large datasets$fTiago Rodriges Antão
_1700#1$aAntão$bT. R.$gTiago Rodriges
_tFast Python
_aAntão, Tiago Rodriges
606 1 _aPYTHON, язык программирования
_92208065
_3RU\NLR\AUTH\661326547
606 _aБольшие данные (киберн.)
_3RU\NLR\AUTH\6601603399
_92299411
686 1 _aЗ973.23-018.1
686 1 _aЗ973.233
700 1 _aАнтао
_bТ. Р.
_gТиаго Родригес
942 _cBOOK
980 _aNB